| 000 | 00613nam a22002057a 4500 | ||
|---|---|---|---|
| 003 | OSt | ||
| 005 | 20140310182839.0 | ||
| 008 | 130607t xxu||||| |||| 00| 0 eng d | ||
| 020 | _a0844204773 | ||
| 050 |
_aPE 1413 _b.Sch326 1998 |
||
| 082 |
_aM 808.066 _bSch6 1998 |
||
| 245 |
_aPractical English writing skills : _ba handbook with practice / _cScheraga, Mona |
||
| 260 |
_aLincolnwood, Illionois USA : _bNational Textbook Company, _c1998 |
||
| 300 |
_avi, 182 p. : _bill. ; _c28 cm. |
||
| 521 | _acollege students | ||
| 526 | _c1210L-1700L | ||
| 541 | _j1 | ||
| 562 | _e1 | ||
| 942 |
_2lcc _cBK _kM |
||
| 999 |
_c16819 _d16819 |
||